Uplatňovanie zásady opatrnosti s akcentom na rezervy a opravné položky v účtovníctve podnikateľov bakalárska práca

Gespeichert in:
Bibliographische Detailangaben
1. Verfasser: Paukovičová, Katarína
Körperschaft: Fakulta hospodárskej informatiky EU. Katedra účtovníctva a audítorstva
Weitere Verfasser: Matuský, Tomáš
Format: Buch
Sprache:Slowakisch
Veröffentlicht: Bratislava 2018
Tags: Tag hinzufügen
Keine Tags, Fügen Sie das erste Tag hinzu!

MARC

LEADER 00000nbm a2200000 4500
001 0245188
005 20181106084020.5
041 0 |a slo 
044 |a SK 
245 1 0 |a Uplatňovanie zásady opatrnosti s akcentom na rezervy a opravné položky v účtovníctve podnikateľov  |b bakalárska práca  |c Katarína Paukovičová ; školiteľ: Tomáš Matuský 
264 1 |a Bratislava  |c 2018 
300 |a 43 s. 
100 1 |a Paukovičová, Katarína 
700 1 |a Matuský, Tomáš 
710 2 |a Fakulta hospodárskej informatiky EU. Katedra účtovníctva a audítorstva